000
00310nam a22001337a 4500
003
SGT
082
_a
KRO 530
100
_a
KRORI,K.D
245
_a
PRINCIPLES OF NON-RELATIVISTIC AND RELATIVISTIC QUANTUM MECHANICS
260
_a
NEW DELHI
_b
PHI
_c
2012
300
_a
330
650
_a
PHYSICS
942
_2
ddc
_c
FPS
999
_c
10111
_d
10111